000 00540nam a22001932 4500
001 0000002909
005 20170406114611.0
008 140422s xx 000 0 eng d
020 _c$
040 _aYour Holding Symbol
_cYour Holding Symbol
100 1 _aFlew Antony.
245 1 4 _aThe politics of procrusters :
_bcontradictions of enforced equality.
250 _a ed.
260 _aNew york :
_bPrometheus books,
_c1981.
300 _a216 p. ;
_c cm.
504 _aindex.
650 0 _apolitics.
908 _a140422
999 _c2792
_d2792